Catálogo público

Agroforetería : (Record no. 112144)

MARC details
000 -CABECERA
campo de control de longitud fija 01237nam a2200349 a 4500
001 - NÚMERO DE CONTROL
campo de control 000115683
003 - IDENTIFICADOR DEL NÚMERO DE CONTROL
campo de control CHAP
005 - FECHA Y HORA DE LA ÚLTIMA TRANSACCIÓN
campo de control 20220329144544.0
008 - DATOS DE LONGITUD FIJA--INFORMACIÓN GENERAL
campo de control de longitud fija 190621s2018 mx |s| ||||||spa d
010 ## - NÚMERO DE CONTROL DE LA BIBLIOTECA DEL CONGRESO
Número de control de LC 112144
011 ## - ENLACE DEL NUMERO DE CONTROL DE LA BIBLIOTECA DEL CONGRESO [OBSOLETO]
Número de control de LC 113116
020 ## - NÚMERO INTERNACIONAL ESTÁNDAR DEL LIBRO
Número Internacional Estándar del Libro 9786071205179
040 ## - FUENTE DE LA CATALOGACIÓN
Centro/agencia transcriptor CHAP
090 ## - LOCALMENTE ASIGNADO TIPO-LC NÚMERO DE CLASIFICACIÓN (OCLC); NÚMERO DE CLASIFICACIÓN LOCAL (RLIN)
Número de clasificación (OCLC) (R) ; Numero de clasificación, CALL (RLIN) (NR) CD-494
245 00 - MENCIÓN DE TÍTULO
Título Agroforetería :
Medio [Disco compacto]
Resto del título para la conservación de los recursos naturales y productividad /
Mención de responsabilidad, etc. coordinado por María Edna Álvarez Sánchez y Antonio Vazquez Alarcón.
260 ## - PUBLICACIÓN, DISTRIBUCIÓN, ETC.
Lugar de publicación, distribución, etc. Chapingo, Méx. :
Nombre del editor, distribuidor, etc. UACH.,
Fecha de publicación, distribución, etc. 2018.
300 ## - DESCRIPCIÓN FÍSICA
Extensión 1 CD ROM ;
Dimensiones 4 3/4 plg.
590 ## - NOTA LOCAL (RLIN)
Nota local E11695DGD
Procedencia (VM) [OBSOLETO] 10
Condición del los carretes individuales (VM) [OBSOLETO] 20190703
-- UCH01
-- 1007
590 ## - NOTA LOCAL (RLIN)
Nota local E5765TAJ
Procedencia (VM) [OBSOLETO] 05
Condición del los carretes individuales (VM) [OBSOLETO] 20190621
-- UCH01
-- 1414
590 ## - NOTA LOCAL (RLIN)
Nota local E5765TAJ
Procedencia (VM) [OBSOLETO] 05
Condición del los carretes individuales (VM) [OBSOLETO] 20190621
-- UCH01
-- 1414
590 ## - NOTA LOCAL (RLIN)
Nota local E5765TAJ
Procedencia (VM) [OBSOLETO] 05
Condición del los carretes individuales (VM) [OBSOLETO] 20190621
-- UCH01
-- 1415
590 ## - NOTA LOCAL (RLIN)
Nota local E5765TAJ
Procedencia (VM) [OBSOLETO] 05
Condición del los carretes individuales (VM) [OBSOLETO] 20190621
-- UCH01
-- 1417
590 ## - NOTA LOCAL (RLIN)
Nota local E5765TAJ
Procedencia (VM) [OBSOLETO] 05
Condición del los carretes individuales (VM) [OBSOLETO] 20190621
-- UCH01
-- 1418
650 14 - PUNTO DE ACCESO ADICIONAL DE MATERIA--TÉRMINO DE MATERIA
Término de materia o nombre geográfico como elemento de entrada Productos agrícolas
Subdivisión general Aspectos ambientales.
9 (RLIN) 136257
650 14 - PUNTO DE ACCESO ADICIONAL DE MATERIA--TÉRMINO DE MATERIA
Término de materia o nombre geográfico como elemento de entrada Sistemas agroforestales.
9 (RLIN) 106735
650 14 - PUNTO DE ACCESO ADICIONAL DE MATERIA--TÉRMINO DE MATERIA
Término de materia o nombre geográfico como elemento de entrada Sistemas agrosilvopascícolas.
9 (RLIN) 106737
700 0# - PUNTO DE ACCESO ADICIONAL--NOMBRE DE PERSONA
Nombre de persona Alvarez Sánchez, María Edna
Término indicativo de función/relación coord.
9 (RLIN) 4983
700 0# - PUNTO DE ACCESO ADICIONAL--NOMBRE DE PERSONA
Nombre de persona Vázquez Alarcón, Antonio
Títulos y otros términos asociados al nombre oord.
9 (RLIN) 175659
901 ## - ELEMENTOS DE DATOS A LOCAL LDA (RLIN)
a BK
942 ## - ELEMENTOS DE PUNTO DE ACCESO ADICIONAL (KOHA)
Tipo de ítem Koha CD
942 ## - ELEMENTOS DE PUNTO DE ACCESO ADICIONAL (KOHA)
Suprimir en OPAC 0
Holdings
Estado de retiro Estado de pérdida Estado dañado Restricciones de uso No para préstamo Código de colección Localización permanente Ubicación/localización actual Fecha de adquisición Información codificada de la localización en otra ubicación Total de préstamos Signatura topográfica completa Código de barras Fecha visto por última vez Número de copia Precio válido a partir de Tipo de ítem Koha Nota pública
      Préstamo interno2 Excluido de préstamo Material multimedia Biblioteca Central Biblioteca Central 21/06/2019 CD   CD-494 33724002555702 31/12/2019 c.3 31/12/2019 CD Recien adquirido
      Préstamo interno2 Excluido de préstamo Material multimedia Biblioteca Central Biblioteca Central 21/06/2019 CD   CD-494 33724002555743 31/12/2019   31/12/2019 CD Recien adquirido
      Préstamo interno2 Excluido de préstamo Material multimedia Biblioteca Central Biblioteca Central 21/06/2019 CD   CD-494 33724002557215 31/12/2019 c.2 31/12/2019 CD Recien adquirido
      Préstamo interno2 Excluido de préstamo Material multimedia Biblioteca Central Biblioteca Central 21/06/2019 CD   CD-494 33724002557256 31/12/2019 c.5 31/12/2019 CD Recien adquirido
      Préstamo interno2 Excluido de préstamo Material multimedia Biblioteca Central Biblioteca Central 21/06/2019 CD   CD-494 33724002557298 31/12/2019 c.4 31/12/2019 CD Recien adquirido